Eroticizing aesthetics: (Record no. 1435914)

MARC details
000 -LEADER
fixed length control field 00778 a2200253 4500
005 - DATE AND TIME OF LATEST TRANSACTION
control field 20251219165042.0
008 - FIXED-LENGTH DATA ELEMENTS--GENERAL INFORMATION
fixed length control field 251219b |||||||| |||| 00| 0 eng d
020 ## - INTERNATIONAL STANDARD BOOK NUMBER
International Standard Book Number 9781538147849 (pbk)
037 ## - SOURCE OF ACQUISITION
Terms of availability TB
040 ## - CATALOGING SOURCE
Original cataloging agency CRL
Transcribing agency CRL
041 ## - LANGUAGE CODE
Source of code eng
Language code of text/sound track or separate title eng
084 ## - COLON CLASSIFICATION NUMBER
Classification number S:55 R1
Assigning agency CRL
100 ## - MAIN ENTRY--PERSONAL NAME
Personal name Themi, Tim
9 (RLIN) 822137
245 ## - TITLE STATEMENT
Title Eroticizing aesthetics:
Remainder of title in the real with bataille and lacan
260 ## - PUBLICATION, DISTRIBUTION, ETC.
Place of publication, distribution, etc. Lanham, UK:
Name of publisher, distributor, etc. Rowman & Littlefield,
Date of publication, distribution, etc. 2021.
300 ## - PHYSICAL DESCRIPTION
Extent xii;217p.
365 ## - TRADE PRICE
Price amount 30.00
Currency code UKP
650 ## - SUBJECT ADDED ENTRY--TOPICAL TERM
Topical term or geographic name entry element Love
9 (RLIN) 858253
650 ## - SUBJECT ADDED ENTRY--TOPICAL TERM
Topical term or geographic name entry element Psychology
9 (RLIN) 858254
650 ## - SUBJECT ADDED ENTRY--TOPICAL TERM
Topical term or geographic name entry element Aesthetics
9 (RLIN) 858255
650 ## - SUBJECT ADDED ENTRY--TOPICAL TERM
Topical term or geographic name entry element Erotica
9 (RLIN) 858256
942 ## - ADDED ENTRY ELEMENTS (KOHA)
Koha item type Textbook
Source of classification or shelving scheme Colon Classification (CC)
Suppress in OPAC No
Classification part S:55 R1
Holdings
Withdrawn status Lost status Source of classification or shelving scheme Damaged status Not for loan Home library Current library Date acquired Source of acquisition Cost, normal purchase price Inventory number Total Checkouts Full call number Barcode Date last seen Cost, replacement price Price effective from Koha item type
    Colon Classification (CC)     Central Library Central Library 2025-12-19 Saras Books 2505.72 IN49881 & 06/10/2025   S:55 R1 CL1923980 2025-10-16 3579.60 2025-10-16 Textbook
Copyright @ Delhi University Library System